| Tag |
First Indicator |
Second Indicator |
Subfields |
| LEADER |
00000cam a2200000 a 4500 |
| 001 |
in00000071063 |
| 005 |
20151008062034.0 |
| 008 |
800402r19791915gw b 00010 ger d |
| 020 |
|
|
|a 387118392X
|
| 035 |
|
|
|a (OCoLC)06159508
|
| 035 |
|
|
|9 AAJ9386AM
|
| 040 |
|
|
|a MBB
|c MBB
|d TXA
|d UtOrBLW
|
| 049 |
|
|
|a TXAM
|c [387190]
|
| 090 |
|
|
|a PJ5061
|b .M5 1979
|
| 100 |
1 |
|
|a Mieses, Matthias,
|d 1885-1945.
|
| 245 |
1 |
4 |
|a Die Entstehungsursache der judischen Dialekte /
|c Matthias Mieses ; mit einer Einleitung von Peter Freimark.
|
| 264 |
|
1 |
|a Hamburg :
|b H. Buske,
|c [1979]
|
| 264 |
|
4 |
|c ©1979
|
| 300 |
|
|
|a xi, 120 pages ;
|c 21 cm.
|
| 336 |
|
|
|a text
|b txt
|2 rdacontent
|
| 337 |
|
|
|a unmediated
|b n
|2 rdamedia
|
| 338 |
|
|
|a volume
|b nc
|2 rdacarrier
|
| 500 |
|
|
|a Reprint of: 1915 edition.
|
| 504 |
|
|
|a Includes bibliographical references.
|
| 650 |
2 |
0 |
|a Jews
|x Languages.
|
| 999 |
|
|
|a MARS
|
| 999 |
f |
f |
|s 05d1e76a-3d18-34f2-9197-6d563cfe2ad8
|i 5d1df640-0ba8-3140-9e5b-fb431997afb5
|t 0
|
| 952 |
f |
f |
|p ric
|a Texas A&M University
|b Rellis Campus
|c Joint Library Facility
|d Remote Storage
|t 0
|e PJ5061 .M5 1979
|h Library of Congress classification
|i unmediated -- volume
|m A14806176319
|
| 998 |
f |
f |
|a PJ5061 .M5 1979
|t 0
|l Remote Storage
|